[Event "Zlin Region-chT 2223"]
[Site "Czech Republic"]
[Date "2023.02.26"]
[Round "9.6"]
[White "Cerny, Michal"]
[Black "Trcalek, David"]
[Result "0-1"]
[WhiteElo "1721"]
[BlackElo "1783"]
[PlyCount "72"]
[EventDate "2022.10.09"]
[EventType "team-tourn"]
[EventRounds "11"]
[EventCountry "CZE"]
[SourceTitle "EXT 2024"]
[Source "ChessBase"]
[SourceDate "2023.10.10"]
[SourceVersion "1"]
[SourceVersionDate "2023.10.10"]
[SourceQuality "1"]
[WhiteTeam "Zlin II"]
[BlackTeam "Usti Sokol"]
[WhiteTeamCountry "CZE"]
[BlackTeamCountry "CZE"]

1. e4 c5 2. Nf3 d6 3. d4 cxd4 4. Nxd4 Nf6 5. Nc3 g6 6. Be2 Bg7 7. Be3 0-0 8. 0-0 Nc6 9. Kh1 Bd7 10. f4 a6 11. Bf3 Rc8 12. Nb3 b5 13. a3 Qc7 14. g4 Na5 15. g5 Nc4 16. gxf6 Nxe3 17. fxg7 Nxd1 18. gxf8Q+ Kxf8 19. Raxd1 a5 20. Rd4 e5 21. Rd2 Qc4 22. Rfd1 a4 23. Be2 Qc7 24. Nc1 exf4 25. Nd3 g5 26. Nb4 Qb7 27. Rd5 Rc5 28. Nd3 Rxd5 29. Nxd5 f5 30. Nf6 fxe4 31. Nxd7+ Qxd7 32. Nb4 f3 33. Rf1 Qh3 34. Rf2 g4 35. Bf1 Qh4 36. Kg1 e3 0-1

[Event "Zlin Region-chT 2223"]
[Site "Czech Republic"]
[Date "2022.10.23"]
[Round "2.7"]
[White "Cerny, Michal"]
[Black "Petrzela, Pavel"]
[Result "0-1"]
[WhiteElo "1721"]
[BlackElo "1998"]
[PlyCount "50"]
[EventDate "2022.10.09"]
[EventType "team-tourn"]
[EventRounds "11"]
[EventCountry "CZE"]
[SourceTitle "EXT 2024"]
[Source "ChessBase"]
[SourceDate "2023.10.10"]
[SourceVersion "1"]
[SourceVersionDate "2023.10.10"]
[SourceQuality "1"]
[WhiteTeam "Zlin II"]
[BlackTeam "Postoupky Sokol"]
[WhiteTeamCountry "CZE"]
[BlackTeamCountry "CZE"]

1. e4 c6 2. d4 d5 3. Nd2 dxe4 4. Nxe4 Bf5 5. Ng3 Bg6 6. h4 h6 7. Nf3 Nd7 8. h5 Bh7 9. Bd3 Bxd3 10. Qxd3 Ngf6 11. Bf4 e6 12. 0-0-0 Be7 13. Ne4 Nxe4 14. Qxe4 Nf6 15. Qe2 Qd5 16. c4 Qe4 17. Be3 0-0 18. Ne5 Rad8 19. f3 Qh7 20. g4 Nd7 21. a3 Bf6 22. Bf2 Bg5+ 23. Be3 Bf6 24. Bf4 Bxe5 25. dxe5 Nc5 0-1

[Event "EU-ch Amateur Online 1700/2000"]
[Site "Tornelo INT"]
[Date "2021.04.24"]
[Round "1"]
[White "Cerny, Michal"]
[Black "Bougas, Georgios"]
[Result "1-0"]
[WhiteElo "1790"]
[BlackElo "1096"]
[PlyCount "147"]
[EventDate "2021.04.24"]
[EventType "swiss (rapid)"]
[EventRounds "8"]
[EventCountry "NET"]
[SourceTitle "EXT 2023"]
[Source "ChessBase"]
[SourceDate "2022.10.05"]
[SourceVersion "1"]
[SourceVersionDate "2022.10.05"]
[SourceQuality "1"]

1. e4 e6 2. d4 d5 3. Nd2 c5 4. exd5 Qxd5 5. dxc5 Nf6 6. Ngf3 Qxc5 7. Be2 Qc7 8. 0-0 Nc6 9. c3 Bc5 10. Nb3 Bb6 11. Bg5 Ne4 12. Bh4 Bd7 13. Bd3 Nf6 14. Bg3 Qd8 15. h3 0-0 16. Re1 Re8 17. Qe2 Qe7 18. Rad1 a5 19. Bc2 a4 20. Nbd4 Nxd4 21. Nxd4 Bxd4 22. Rxd4 Bc6 23. c4 Rad8 24. Red1 Rxd4 25. Rxd4 Rd8 26. Rxd8+ Qxd8 27. Qd3 Qxd3 28. Bxd3 Kf8 29. f3 Ke7 30. Kf2 Kd7 31. Ke3 Ne8 32. Kd4 Nd6 33. Bf2 h6 34. Kc5 Kc7 35. Bg3 b6+ 36. Kb4 Kd7 37. Bc2 Nf5 38. Bf2 Kc7 39. Bxa4 Bxa4 40. Kxa4 Kc6 41. Kb4 Nd6 42. Bg3 Nf5 43. Bf2 g6 44. a4 h5 45. a5 bxa5+ 46. Kxa5 Nd6 47. Kb4 f5 48. Bg3 Nb7 49. Kc3 Nc5 50. b4 Nd7 51. Kd4 Kb6 52. Be1 Kc6 53. Kc3 Kb6 54. b5 e5 55. Bf2+ Kc7 56. c5 Nf6 57. Kc4 e4 58. fxe4 Nxe4 59. Be3 Kb7 60. c6+ Kc7 61. Kd5 Nc3+ 62. Kc5 Na4+ 63. Kb4 Nb2 64. Kb3 Nd3 65. Kc4 Nb2+ 66. Kd5 Nd3 67. b6+ Kc8 68. Kd6 f4 69. Bd4 Nb4 70. Kc5 Nd3+ 71. Kb5 g5 72. b7+ Kb8 73. Kb6 f3 74. c7# 1-0

[Event "EU-ch Amateur Online 1700/2000"]
[Site "Tornelo INT"]
[Date "2021.04.24"]
[Round "3"]
[White "Drakaki, Anna Maria"]
[Black "Cerny, Michal"]
[Result "1-0"]
[WhiteElo "1997"]
[BlackElo "1790"]
[PlyCount "93"]
[EventDate "2021.04.24"]
[EventType "swiss (rapid)"]
[EventRounds "8"]
[EventCountry "NET"]
[SourceTitle "EXT 2023"]
[Source "ChessBase"]
[SourceDate "2022.10.05"]
[SourceVersion "1"]
[SourceVersionDate "2022.10.05"]
[SourceQuality "1"]

1. d4 d5 2. c4 e6 3. Nf3 Nf6 4. g3 Nbd7 5. Nbd2 c6 6. Bg2 Be7 7. 0-0 0-0 8. Qc2 dxc4 9. Nxc4 Nb6 10. Nfe5 c5 11. dxc5 Bxc5 12. Nxb6 axb6 13. Rd1 Qc7 14. Qc3 Bd6 15. Nc4 Bc5 16. Bf4 Qe7 17. a3 b5 18. Nd6 Bb6 19. Nxb5 Rd8 20. Bd6 Qe8 21. Nc7 Bxc7 22. Bxc7 Rd7 23. Be5 Qd8 24. Rxd7 Nxd7 25. Bxg7 Qg5 26. Bd4 e5 27. Be3 Qe7 28. Rd1 Ra6 29. Qxc8+ Kg7 30. Qxd7 Qf6 31. Qxb7 Re6 32. a4 Re7 33. Rd7 Rxd7 34. Qxd7 Qa6 35. Qb5 Qd6 36. Bd5 Qc7 37. Qc5 Qb8 38. b4 Qe8 39. Bc6 Qd8 40. Qxe5+ Kg8 41. Bd4 Kf8 42. Qh8+ Ke7 43. Bf6+ Ke6 44. Qxd8 h5 45. Qe7+ Kf5 46. Be4+ Kg4 47. Qd7# 1-0

[Event "Vsetin op 45th"]
[Site "Vsetin"]
[Date "2020.07.08"]
[Round "7"]
[White "Paseka, Matyas"]
[Black "Cerny, Michal"]
[Result "1-0"]
[WhiteElo "1965"]
[BlackElo "1686"]
[PlyCount "53"]
[EventDate "2020.07.04"]
[EventType "swiss"]
[EventRounds "9"]
[EventCountry "CZE"]
[SourceTitle "CBM 197 Extra"]
[Source "ChessBase"]
[SourceDate "2020.09.30"]
[SourceVersion "1"]
[SourceVersionDate "2020.09.30"]
[SourceQuality "1"]

1. e4 c5 2. Nf3 d6 3. d4 cxd4 4. Nxd4 Nf6 5. Nc3 a6 6. Be3 e6 7. f3 b5 8. Qd2 Bb7 9. g4 Be7 10. 0-0-0 Nfd7 11. Bd3 Nb6 12. g5 N8d7 13. Kb1 Ne5 14. Qf2 Nec4 15. Bxc4 Nxc4 16. Bc1 Bxg5 17. f4 Bf6 18. Rhe1 g6 19. Qe2 0-0 20. e5 Bh4 21. Rg1 d5 22. f5 exf5 23. e6 Qe7 24. Nxf5 Qxe6 25. Nxh4 Qxe2 26. Nxe2 Rfe8 27. Nd4 1-0

[Event "Kouty nad Desnou op-B"]
[Site "Kouty nad Desnou"]
[Date "2017.03.16"]
[Round "7"]
[White "Brozova, Renata"]
[Black "Cerny, Michal"]
[Result "1/2-1/2"]
[WhiteElo "1745"]
[BlackElo "1442"]
[PlyCount "116"]
[EventDate "2017.03.11"]
[EventType "swiss"]
[EventRounds "9"]
[EventCountry "CZE"]
[SourceTitle "CBM 177 Extra"]
[Source "ChessBase"]
[SourceDate "2017.04.27"]
[SourceVersion "1"]
[SourceVersionDate "2017.04.27"]
[SourceQuality "1"]

1. e4 e5 2. Nf3 Nc6 3. Bb5 a6 4. Bxc6 dxc6 5. 0-0 Qd6 6. d4 exd4 7. e5 Qd5 8. Qxd4 Be6 9. Nc3 Qd7 10. Be3 Ne7 11. Rad1 Nd5 12. Nxd5 cxd5 13. Ng5 Be7 14. Nxe6 fxe6 15. Qg4 g6 16. c4 0-0-0 17. c5 c6 18. Rd3 h5 19. Qb4 Qc7 20. Ra3 Kd7 21. Re1 Rb8 22. Qd4 Rhg8 23. Bd2 b6 24. cxb6 Qxb6 25. Qxb6 Rxb6 26. Be3 Bxa3 27. Bxb6 Bxb2 28. Bc5 Bc3 29. Re3 Rb8 30. h3 Bd2 31. Rf3 Re8 32. Bd6 a5 33. Rf7+ Kd8 34. Rc7 Bb4 35. Rxc6 Bxd6 36. Rxd6+ Ke7 37. Ra6 Rf8 38. g4 hxg4 39. hxg4 Rf4 40. Rxa5 Rxg4+ 41. Kf1 Re4 42. Ra7+ Kf8 43. a4 Rxe5 44. a5 d4 45. a6 Ra5 46. Ra8+ Kg7 47. a7 e5 48. Ke2 Ra3 49. Kd2 e4 50. Rd8 Rxa7 51. Rxd4 Re7 52. Ke3 Kf6 53. Rxe4 Rxe4+ 54. Kxe4 g5 55. Kf3 Kf5 56. Kg3 g4 57. f4 Kf6 58. Kxg4 Kg6 1/2-1/2

[Event "Kouty nad Desnou op-F"]
[Site "Kouty nad Desnou"]
[Date "2013.03.16"]
[Round "9"]
[White "Jelinek, Michal"]
[Black "Cerny, Michal"]
[Result "0-1"]
[WhiteElo "1743"]
[BlackElo "1894"]
[PlyCount "86"]
[EventDate "2013.03.09"]
[EventType "swiss"]
[EventRounds "9"]
[EventCountry "CZE"]
[SourceTitle "EXT 2015"]
[Source "ChessBase"]
[SourceDate "2014.11.20"]
[SourceVersion "1"]
[SourceVersionDate "2014.11.20"]
[SourceQuality "1"]

1. e4 c5 2. Nc3 d6 3. f4 Nf6 4. Nf3 g6 5. Bb5+ Nc6 6. 0-0 Bg7 7. d3 0-0 8. Bxc6 bxc6 9. Qe1 Qc7 10. Qg3 Rb8 11. f5 Nh5 12. Qh4 e5 13. g4 Nf4 14. f6 Bh8 15. g5 Nh5 16. Qf2 Bh3 17. Re1 h6 18. Qh4 Be6 19. Rb1 hxg5 20. Bxg5 Qd8 21. Rf1 Bxf6 22. Bxf6 Qxf6 23. Qxf6 Nxf6 24. Nxe5 Nxe4 25. Nxg6 fxg6 26. Rxf8+ Kxf8 27. dxe4 Ke7 28. Kf2 Kf6 29. b3 Ke5 30. Ke3 Rh8 31. Rg1 Rh3+ 32. Rg3 Rxh2 33. Rxg6 Rxc2 34. Kd3 Rh2 35. Rg7 d5 36. Rxa7 dxe4+ 37. Ke3 Rh3+ 38. Kd2 Rd3+ 39. Kc2 Kd4 40. Ra4+ c4 41. Nd1 e3 42. Nb2 Rd2+ 43. Kc1 Rxb2 0-1

[Event "Kouty nad Desnou op-F"]
[Site "Kouty nad Desnou"]
[Date "2013.03.11"]
[Round "3"]
[White "Stefanik, Richard"]
[Black "Cerny, Michal"]
[Result "0-1"]
[WhiteElo "1576"]
[BlackElo "1894"]
[PlyCount "68"]
[EventDate "2013.03.09"]
[EventType "swiss"]
[EventRounds "9"]
[EventCountry "CZE"]
[SourceTitle "EXT 2015"]
[Source "ChessBase"]
[SourceDate "2014.11.20"]
[SourceVersion "1"]
[SourceVersionDate "2014.11.20"]
[SourceQuality "1"]

1. e4 c5 2. c3 Nf6 3. e5 Nd5 4. d4 cxd4 5. Nf3 e6 6. cxd4 d6 7. Bc4 Nb6 8. Bb3 Be7 9. 0-0 0-0 10. Nc3 Nc6 11. a3 Qc7 12. Bf4 a6 13. Bg3 Rd8 14. Qe2 dxe5 15. dxe5 Nd7 16. Rfd1 b5 17. Rac1 Bb7 18. Bc2 Qb6 19. Bb1 b4 20. axb4 Nxb4 21. Ne4 Nc5 22. Nxc5 Bxc5 23. Rxd8+ Rxd8 24. Bh4 Rc8 25. Rd1 Bd5 26. Ng5 h6 27. Ne4 Bd4 28. Nd6 Rb8 29. Qh5 Qa7 30. Qxf7+ Qxf7 31. Nxf7 Bxb2 32. Bg6 Nc6 33. f4 Bd4+ 34. Kh1 Rb2 0-1

[Event "Kouty nad Desnou op-F"]
[Site "Kouty nad Desnou"]
[Date "2013.03.10"]
[Round "2"]
[White "Cerny, Michal"]
[Black "Hollan, Martin"]
[Result "1-0"]
[WhiteElo "1894"]
[BlackElo "1790"]
[PlyCount "121"]
[EventDate "2013.03.09"]
[EventType "swiss"]
[EventRounds "9"]
[EventCountry "CZE"]
[SourceTitle "EXT 2015"]
[Source "ChessBase"]
[SourceDate "2014.11.20"]
[SourceVersion "1"]
[SourceVersionDate "2014.11.20"]
[SourceQuality "1"]

1. e4 c5 2. Nf3 d6 3. d4 cxd4 4. Nxd4 Nf6 5. Nc3 e6 6. Be2 a6 7. 0-0 Qc7 8. f4 Nc6 9. Be3 Be7 10. Bf3 Bd7 11. Qe1 Rc8 12. a4 Nxd4 13. Bxd4 e5 14. Bf2 0-0 15. Qe3 Bc6 16. a5 Rfd8 17. Rfd1 Bf8 18. Kh1 g6 19. g4 exf4 20. Qxf4 Qe7 21. Bh4 Bg7 22. Rd3 Qe5 23. Bg3 Re8 24. Qxe5 dxe5 25. Rad1 h6 26. Rd6 Nh7 27. h4 Nf8 28. g5 hxg5 29. hxg5 Nh7 30. Bg4 Rc7 31. Bd7 Rb8 32. Bxc6 Rxc6 33. Rd8+ Rxd8 34. Rxd8+ Nf8 35. Rd5 Ne6 36. Bxe5 Bxe5 37. Rxe5 Nd4 38. Kg2 Kf8 39. Kg3 Nxc2 40. Nd5 Nd4 41. Re7 Ne6 42. Rxb7 Nxg5 43. Kf4 Ne6+ 44. Ke3 Nc5 45. Rb8+ Kg7 46. b4 Nd7 47. Rd8 Nf6 48. Kd4 Re6 49. Nc3 g5 50. e5 Ng4 51. Rd6 Rxe5 52. Rxa6 Re8 53. b5 Nf6 54. Rc6 g4 55. Nd5 Rd8 56. Rxf6 Rxd5+ 57. Kxd5 Kxf6 58. Ke4 Kg5 59. b6 f5+ 60. Kd3 g3 61. b7 1-0

[Event "Hrdonov Fontana op"]
[Site "Hrdonov"]
[Date "2012.10.21"]
[Round "2"]
[White "Starychfojtu, Josef"]
[Black "Cerny, Michal"]
[Result "0-1"]
[WhiteElo "1604"]
[BlackElo "1882"]
[PlyCount "78"]
[EventDate "2012.10.20"]
[EventType "swiss"]
[EventRounds "9"]
[EventCountry "CZE"]
[SourceTitle "CBM 151 Extra"]
[Source "ChessBase"]
[SourceDate "2012.12.18"]
[SourceVersion "1"]
[SourceVersionDate "2012.12.18"]
[SourceQuality "1"]

1. e4 c5 2. Nc3 d6 3. g3 Nf6 4. Bg2 g6 5. Nge2 Bg7 6. d3 0-0 7. 0-0 Nc6 8. h3 a6 9. Be3 Qc7 10. Qd2 b5 11. Rae1 Bb7 12. f4 Rac8 13. g4 b4 14. Nd1 Nd7 15. f5 a5 16. Bh6 Ba6 17. Bxg7 Kxg7 18. b3 Nd4 19. Nf4 Bb7 20. Ne3 Qd8 21. Nfd5 Bxd5 22. Nxd5 Nf6 23. Nxe7 Qxe7 24. g5 Kh8 25. gxf6 Qxf6 26. Rf2 gxf5 27. exf5 Rg8 28. Re4 Rg5 29. Rg4 Rxf5 30. Rxf5 Qxf5 31. Qh6 Qe5 32. Re4 Qf5 33. Qxd6 Rg8 34. Rf4 Ne2+ 35. Kh1 Qxf4 36. Qxc5 Qg5 37. Qf2 Qc1+ 38. Bf1 Rg1+ 39. Kh2 Qxf1 0-1

[Event "Kouty nad Desnou op-A"]
[Site "Kouty nad Desnou"]
[Date "2012.03.16"]
[Round "8"]
[White "Cerny, Michal"]
[Black "Fusek, Lukas"]
[Result "1/2-1/2"]
[WhiteElo "1844"]
[BlackElo "1969"]
[PlyCount "102"]
[EventDate "2012.03.10"]
[EventType "swiss"]
[EventRounds "9"]
[EventCountry "CZE"]
[SourceTitle "EXT 2013"]
[Source "ChessBase"]
[SourceDate "2012.11.22"]
[SourceVersion "1"]
[SourceVersionDate "2012.11.22"]
[SourceQuality "1"]

1. e4 e5 2. Nf3 Nc6 3. Bb5 Nd4 4. Nxd4 exd4 5. 0-0 Bc5 6. d3 c6 7. Bc4 d5 8. exd5 cxd5 9. Bb5+ Kf8 10. Nd2 h5 11. Nf3 Bg4 12. h3 Bxf3 13. Qxf3 Ne7 14. Ba4 Bb6 15. Bb3 Bc7 16. Re1 Qd6 17. g3 Rd8 18. Bf4 Qc6 19. Bxc7 Qxc7 20. Re2 Qd7 21. Rae1 Nc6 22. Ba4 Qd6 23. Re6 Qd7 24. Re7 Qxe7 25. Rxe7 Kxe7 26. Bb3 Ke6 27. c4 dxc3 28. bxc3 f5 29. c4 d4 30. c5+ Kf6 31. h4 g6 32. Ba4 Rc8 33. Bxc6 bxc6 34. Qd1 Rhd8 35. Kg2 Rd5 36. Qa4 Rc7 37. Kf3 Ke5 38. Qb4 Rdd7 39. Qa4 Rf7 40. Qb4 Rb7 41. Qa4 Rb5 42. Kg2 Rd7 43. Qc4 Rd5 44. Qa4 a5 45. Qd1 Kf6 46. Qd2 Rbxc5 47. Qg5+ Kf7 48. Qh6 Rc3 49. Qh7+ Kf6 50. Qh8+ Kf7 51. Qh7+ Kf6 1/2-1/2

[Event "Kouty nad Desnou op-A"]
[Site "Kouty nad Desnou"]
[Date "2012.03.14"]
[Round "6"]
[White "Cerny, Michal"]
[Black "Prokopova, Jirina"]
[Result "1/2-1/2"]
[WhiteElo "1844"]
[BlackElo "1701"]
[PlyCount "104"]
[EventDate "2012.03.10"]
[EventType "swiss"]
[EventRounds "9"]
[EventCountry "CZE"]
[SourceTitle "EXT 2013"]
[Source "ChessBase"]
[SourceDate "2012.11.22"]
[SourceVersion "1"]
[SourceVersionDate "2012.11.22"]
[SourceQuality "1"]

1. e4 e6 2. d4 d5 3. Nd2 Nf6 4. e5 Nfd7 5. Bd3 c5 6. c3 Nc6 7. Ngf3 Qb6 8. dxc5 Bxc5 9. Qe2 Qc7 10. Nb3 Be7 11. Bb5 0-0 12. Bxc6 bxc6 13. 0-0 a5 14. Re1 Ba6 15. Qc2 a4 16. Nbd2 Nc5 17. Nf1 f6 18. exf6 Bxf6 19. Bg5 Bd3 20. Qd1 Bxg5 21. Nxg5 e5 22. Ng3 h6 23. Ne6 Nxe6 24. Qxd3 Nf4 25. Qe3 Rae8 26. f3 Qb7 27. Rab1 Qb5 28. b4 Ng6 29. a3 Nh8 30. Qe2 Qxe2 31. Rxe2 Rf4 32. Re3 Nf7 33. Nf1 Nd6 34. g3 Rf7 35. Nd2 Kf8 36. Rbe1 Rfe7 37. Kf2 Nb5 38. c4 d4 39. Rd3 Nd6 40. c5 Nb5 41. Ne4 g5 42. Nf6 Rd8 43. Ng4 Rde8 44. Nxh6 e4 45. fxe4 Rxe4 46. Rxe4 Rxe4 47. Nf5 g4 48. Nh4 Kf7 49. Ng2 Kf6 50. Nf4 Kf5 51. Ne2 Ke5 52. Nf4 Kf5 1/2-1/2

[Event "Kouty nad Desnou op-A"]
[Site "Kouty nad Desnou"]
[Date "2011.03.14"]
[Round "4"]
[White "Hosek, Martin"]
[Black "Cerny, Michal"]
[Result "1-0"]
[WhiteElo "2008"]
[BlackElo "1885"]
[PlyCount "43"]
[EventDate "2011.03.12"]
[EventType "swiss"]
[EventRounds "9"]
[EventCountry "CZE"]
[SourceTitle "EXT 2014"]
[Source "ChessBase"]
[SourceDate "2013.11.20"]
[SourceVersion "1"]
[SourceVersionDate "2013.11.20"]
[SourceQuality "1"]

1. d4 d5 2. c4 e6 3. Nc3 Nf6 4. Bg5 Be7 5. Nf3 0-0 6. e3 Nbd7 7. Qc2 h6 8. h4 dxc4 9. Bxc4 c5 10. 0-0-0 Qa5 11. g4 cxd4 12. exd4 Nb6 13. Bxf6 Bxf6 14. g5 Be7 15. Be2 h5 16. Ne5 Bd7 17. Bxh5 Ba4 18. Nxa4 Nxa4 19. Qb3 Rac8+ 20. Kb1 Qa6 21. Rhe1 f6 22. Ng6 1-0

[Event "CZE-chTW U20 1011"]
[Site "Czech Republic"]
[Date "2010.11.27"]
[Round "5.4"]
[White "Cerny, Michal"]
[Black "Krasny, Drahomir"]
[Result "1-0"]
[WhiteElo "1947"]
[BlackElo "1879"]
[PlyCount "51"]
[EventDate "2010.10.02"]
[EventType "team-tourn"]
[EventRounds "11"]
[EventCountry "CZE"]
[SourceTitle "EXT 2012"]
[Source "ChessBase"]
[SourceDate "2011.11.24"]
[SourceVersion "1"]
[SourceVersionDate "2011.11.24"]
[SourceQuality "1"]
[WhiteTeam "Kladno (U20)"]
[BlackTeam "Udlice (U20)"]
[WhiteTeamCountry "CZE"]
[BlackTeamCountry "CZE"]

1. e4 e5 2. Nf3 Nc6 3. d4 exd4 4. Nxd4 Nf6 5. Nxc6 bxc6 6. Bd3 d5 7. e5 Ng4 8. 0-0 Bc5 9. Bf4 g5 10. Bg3 h5 11. e6 Bxe6 12. Re1 Qf6 13. Qe2 Kd7 14. c4 h4 15. cxd5 cxd5 16. Bb5+ Kd8 17. Bxc7+ Kxc7 18. Rc1 Kd6 19. Rxc5 Kxc5 20. Qc2+ Kd6 21. Qc6+ Ke5 22. Qc3+ d4 23. Qc7+ Kd5 24. Bc4+ Ke4 25. Nd2+ Kf5 26. Bd3# 1-0

[Event "CZE-chTW U20 1011"]
[Site "Czech Republic"]
[Date "2010.10.03"]
[Round "3.4"]
[White "Cerny, Michal"]
[Black "Vlckova, Katerina"]
[Result "0-1"]
[WhiteElo "1947"]
[BlackElo "1685"]
[PlyCount "70"]
[EventDate "2010.10.02"]
[EventType "team-tourn"]
[EventRounds "11"]
[EventCountry "CZE"]
[SourceTitle "EXT 2012"]
[Source "ChessBase"]
[SourceDate "2011.11.24"]
[SourceVersion "1"]
[SourceVersionDate "2011.11.24"]
[SourceQuality "1"]
[WhiteTeam "Kladno (U20)"]
[BlackTeam "Polabiny (U20)"]
[WhiteTeamCountry "CZE"]
[BlackTeamCountry "CZE"]

1. e4 c5 2. Nf3 e6 3. d4 cxd4 4. Nxd4 a6 5. Nc3 Qc7 6. Bd3 Nf6 7. 0-0 Be7 8. Kh1 b6 9. f4 d6 10. f5 Nc6 11. Bc4 Nxd4 12. Qxd4 b5 13. Bb3 Qc5 14. Qd3 0-0 15. Be3 Qc6 16. Bg5 Rb8 17. a4 b4 18. Ne2 exf5 19. exf5 Bb7 20. Qh3 Qd7 21. Nf4 d5 22. Rad1 Rbd8 23. Bxf6 Bxf6 24. Bxd5 Qc7 25. Qf3 Bxd5 26. Nxd5 Qe5 27. Nxf6+ Qxf6 28. b3 Rc8 29. Qe4 Qc3 30. f6 Qxc2 31. Qg4 Qg6 32. Qxb4 gxf6 33. Rf3 Kh8 34. Rdf1 Rfe8 35. Rxf6 Qxf6 0-1